| 000 | 00606nam a2200205Ia 4500 | ||
|---|---|---|---|
| 005 | 20250326144730.0 | ||
| 008 | 250326s9999 xx 000 0 und d | ||
| 020 | _a0-07-049933-0 | ||
| 037 | _aTextbook | ||
| 040 |
_aFMSL _beng _cFMSL |
||
| 041 |
_aeng _2eng |
||
| 084 |
_aX:89A P6;1 _qFMSL |
||
| 100 |
_aBurt David N _9267063 |
||
| 245 | 0 |
_aWorld class supply managment: key to supply chain management _cBurt David N And Others |
|
| 250 | _a7 | ||
| 260 |
_aNew Delhi _bNew Delhi, Tata McGraw-Hill _c2003 |
||
| 300 | _axlvi,689 | ||
| 942 |
_cTB _hX:89A P6;1 |
||
| 999 |
_c1304807 _d1304807 |
||